| 000 | 00720nam a22002057a 4500 | ||
|---|---|---|---|
| 999 |
_c8970 _d8970 |
||
| 005 | 20180213154934.0 | ||
| 008 | 150114b2004 ck || |r|||| 00| 0 spa d | ||
| 040 |
_aCO-BoIAVH _cCO-BoIAVH |
||
| 041 | _aspa | ||
| 044 | _ack | ||
| 090 |
_aEA _b00258 |
||
| 245 | 1 | _aHistorias de Bufeos | |
| 260 |
_aBogotá: _bFundación Omacha, _bFondo para la Conservación Ambiental, _bConservación Internacional Colombia, _bWhale and Dolphin Conservation Society, _c2004. |
||
| 300 |
_a32 pag _bIl. _c20 cm. |
||
| 650 | 6 |
_aDelfines _zAmazonas (Dpt.Colombia) |
|
| 650 | 6 |
_aDelfines _zOrinoco (Dpt.Colombia) |
|
| 650 | 6 |
_aDelfines _xHábitos y conducta |
|
| 650 | 6 |
_aDelfines _xCuentos |
|
| 942 |
_2z _cFolleto |
||